Statistics for Multiple Choice European History

Click here to take the quiz!

General Stats

  • This quiz has been taken 257 times
  • The average score is 7 of 10

Answer Stats

Question Answer % Correct
German city where prominent members of the Nazi party were charged in 1945Nuremburg
88%
Where was Franz Ferdinand assassinated in 1914, leading to the start of World War 1?Sarajevo, Bosnia and Herzegovina
88%
What historically neutral nation joined the UN in 2002?Switzerland
86%
The Winter War was a conflict between what two countries?Finland/USSR
86%
Island where "The Troubles" happened.Ireland
79%
What was the newest European country to join NATO in 2017?Montenegro
77%
What was the last Muslim emirate in Iberia, conquered in 1492?Granada
69%
What is the modern name of the Russian city which became the site of the bloodiest battle in World War II?Volgagrad
67%
Where did the Battle of Trafalgar take place?Spain
43%
Founded around 6000 BCE, what Balkan city is the oldest city in Europe?Plovdiv, Bulgaria
20%

Score Distribution

Percentile by Number Answered

Percent of People with Each Score

Your Score History

You have not taken this quiz